| 000 | 00785nam a2200193 i 4500 | ||
|---|---|---|---|
| 001 | 152982 | ||
| 003 | ES-MaACL | ||
| 005 | 20251015063136.0 | ||
| 008 | 010531s1902 sp af |||| | spa d | ||
| 040 |
_aCCPB | B _bspa _cCCPB | B |
||
| 100 | 1 |
_aCarrasco y Saiz del Campo, Adolfo, _d1830-1906 _935577 |
|
| 245 | 1 | 0 |
_aIndice general del Memorial de Artillería _b: desde su fundación en junio de 1844 hasta fin del siglo XIX / _cpor Adolfo Carrasco y Sayz. |
| 260 |
_aMadrid : _b[s.n.], _c1902 ( _fCuerpo de Artillería) |
||
| 300 |
_a2 v. ; _c23 cm. |
||
| 597 | 1 | _aT. II (532 p., [3] h. de grab.) | |
| 650 | 4 |
_aArtillería- _vPublicaciones periódicas. _9135628 |
|
| 852 |
_aES-MaACL _jG-11231 bis y G-11231 bis-bis _x-- Edic.: 2 v. -- 1898-1902 |
||
| 999 |
_c152982 _d152982 |
||